|
|
|
|
| LEADER |
00741nam a2200205Ia 4500 |
| 001 |
CTU_40260 |
| 008 |
210402s9999 xx 000 0 und d |
| 082 |
|
|
|a 428.02
|
| 082 |
|
|
|b L305
|
| 100 |
|
|
|a Trương, Thị Kim Liên
|
| 245 |
|
0 |
|a Bài giảng dịch thuật thực hành
|
| 245 |
|
0 |
|b = Practical course of translation
|
| 245 |
|
0 |
|c Trương Thị Kim Liên (Biên soạn)
|
| 260 |
|
|
|a Cần Thơ
|
| 260 |
|
|
|b Trường Đại học Cần Thơ
|
| 260 |
|
|
|c 2000
|
| 650 |
|
|
|a English language,English language - study and teaching,English language - translating
|
| 650 |
|
|
|x Study and teaching,Translating
|
| 904 |
|
|
|i Thùy Trang (sửa)
|
| 980 |
|
|
|a Trung tâm Học liệu Trường Đại học Cần Thơ
|